<?xml version="1.0" encoding="UTF-8"?>
<record
    xmlns:xsi="http://www.w3.org/2001/XMLSchema-instance"
    xsi:schemaLocation="http://www.loc.gov/MARC21/slim http://www.loc.gov/standards/marcxml/schema/MARC21slim.xsd"
    xmlns="http://www.loc.gov/MARC21/slim">

  <leader>00999nam a2200133Ia 4500</leader>
  <controlfield tag="008">171212s9999    xx            000 0 und d</controlfield>
  <datafield tag="020" ind1=" " ind2=" ">
    <subfield code="a">9780833039644</subfield>
  </datafield>
  <datafield tag="100" ind1=" " ind2=" ">
    <subfield code="a">Le, Vi-Nhuan;Stecher, Brian M.;Lockwood, J. R.;Hamilton, Laura S.;Robyn, Abby;Vi-Nhuan Le, ;Brian M. Stecher, ;J. R. Lockwood, ;Laura S. Hamilton, ;Abby Robyn, </subfield>
  </datafield>
  <datafield tag="245" ind1=" " ind2=" ">
    <subfield code="c">Le, Vi-Nhuan;Stecher, Brian M.;Lockwood, J. R.;Hamilton, Laura S.;Robyn, Abby;Vi-Nhuan Le, ;Brian M. Stecher, ;J. R. Lockwood, ;Laura S. Hamilton, ;Abby Robyn, </subfield>
    <subfield code="a">Improving Mathematics and Science Education</subfield>
    <subfield code="b">A Longitudinal Investigation of the Relationship Between Reform-Oriented Instruction and Student Achievement</subfield>
  </datafield>
  <datafield tag="260" ind1=" " ind2=" ">
    <subfield code="b">RAND Corporation</subfield>
    <subfield code="c">2006</subfield>
  </datafield>
  <datafield tag="650" ind1=" " ind2=" ">
    <subfield code="a">Education</subfield>
  </datafield>
  <datafield tag="650" ind1=" " ind2=" ">
    <subfield code="a">Mathematics -- Study and teaching (Elementary) -- United States; Science -- Study and teaching (Elementary) -- United States; Education -- Aims and objectives -- United States; Academic achievement -- United States</subfield>
  </datafield>
  <datafield tag="856" ind1=" " ind2=" ">
    <subfield code="u">www.jstor.org/stable/10.7249/mg480nsf</subfield>
  </datafield>
  <datafield tag="999" ind1=" " ind2=" ">
    <subfield code="c">352199</subfield>
    <subfield code="d">352199</subfield>
  </datafield>
  <datafield tag="952" ind1=" " ind2=" ">
    <subfield code="0">0</subfield>
    <subfield code="1">0</subfield>
    <subfield code="4">0</subfield>
    <subfield code="a">CL</subfield>
    <subfield code="b">CL</subfield>
    <subfield code="d">2017-12-12</subfield>
    <subfield code="l">0</subfield>
    <subfield code="o">QA135.6.I47 2006</subfield>
    <subfield code="r">2017-12-12 00:00:00</subfield>
    <subfield code="w">2017-12-12</subfield>
    <subfield code="y">CBE</subfield>
  </datafield>
</record>
